Statistics for Famous Muhammads

Click here to take the quiz!

General Stats

  • This quiz has been taken 396 times
    (393 since last reset)
  • The average score is 3 of 19

Answer Stats

HintAnswer% Correct
Great boxer born Cassius ClayMuhammad Ali
99%
Businessman and father of famous terroristMohammed bin Laden
32%
Founder of PakistanMuhammad Ali Jinnah
21%
The last Shah of IranMohammad Reza Shah Pahlavi
20%
President of Egypt ousted in a 2013 coupMohamed Morsi
17%
9/11 hijackerMohamed Atta
15%
Prime minister of Iran ousted by a coup.Mohammad Mosaddegh
13%
Nation of Islam leader born PooleElijah Muhammad
9%
Taleban leader of Afghanistan until 2001Mohammed Omar
9%
Mastermind of 9/11Khalid Sheikh Mohammed
6%
Suicide bomber of the London UndergroundMohammad Sidique Khan
5%
"The Artist of Arabs," the Arab SinatraMohammed Abdu
5%
The last king of AfghanistanMohammed Zahir Shah
4%
First president of EgyptMuhammad Naguib
4%
Leader of the Songhai EmpireAskia Mohammad I
2%
Nobel laureateMuhammad Yunus
2%
Algerian writerMohammed Dib
1%
9th Century skeptic and critic of IslamMuhammad al Warraq
1%
Persian polymath of the Islamic golden ageMuhammad ibn Zakariyā Rāzī
1%

Score Distribution

Percentile by Number Answered

Percent of People with Each Score

Your Score History

You have not taken this quiz since the last reset